Les 15 desserts préférés des français - Statistiques

Statistiques générales
  • Ce quiz a été pris 966 fois
  • Le résultat moyen est 4 sur 15
Statistiques - réponses
Hint Réponse % Correct
15 Eclair
72%
10 Tiramisu
57%
1 Mousse au chocolat
46%
5 Crème brûlée
39%
14 Fraisier
36%
2 Fondant au chocolat
32%
13 Tarte tatin
31%
3 Tarte aux fraises
25%
8 Macarons
21%
12 Salade de fruit
16%
6 Compote
8%
4 Choux à la crème
7%
11 Îles flottantes
2%
7 Tarte aux citrons meringuée
2%
9 Profiteroles au chocolat
1%
Aucun quiz correspondant
Distribution des résultats
% des personnes avec chaque résultat
Percentile par nombre de réponses
Votre historique - résultats
Vous n’avez pas pris ce quiz